[Event "Challenge"]
[Site "http://www.queenalice.com/game.php?id=1832624"]
[Date "2024.3.2"]
[Round "-"]
[White "Harry28"]
[Black "JORAM2205"]
[Result "0-1"]
[WhiteElo "2290"]
[BlackElo "2315"]

1. e4 c5 2. Nf3 d6 3. d4 cxd4 4. Nxd4 Nf6 5. Nc3 a6 6. f3 e5 7. Nb3 Be6 8. Bg5
Be7 9. Bxf6 Bxf6 10. Qd2 Bh4+ 11. g3 Bg5 12. Qd3 Nc6 13. h4 Bh6 14. a3 Bxb3 15.
cxb3 Nd4 16. b4 O-O 17. Ne2 Be3 18. Nxd4 exd4 19. Bh3 Qf6 20. Rf1 Qg6 21. g4 Qh6
22. h5 Qf4 0-1

[Event "Challenge"]
[Site "http://www.queenalice.com/game.php?id=1832663"]
[Date "2024.3.2"]
[Round "-"]
[White "JORAM2205"]
[Black "Harry28"]
[Result "1-0"]
[WhiteElo "2326"]
[BlackElo "2279"]

1. e4 e5 2. Nf3 Nf6 3. Nxe5 d6 4. Nf3 Nxe4 5. d4 d5 6. Bd3 c6 7. Nbd2 Nxd2 8.
Bxd2 Bd6 9. Qe2+ Qe7 10. Qxe7+ Bxe7 11. O-O O-O 12. Rae1 Bd6 13. a3 Nd7 14. Bg5
Nb6 15. Be7 Bxe7 16. Rxe7 Rb8 17. Ng5 h6 18. Nf3 Be6 19. Re1 Rfc8 20. Ne5 Kf8
21. Ng6+ fxg6 22. R1xe6 g5 23. Bg6 Kg8 24. Bf7+ Kf8 25. Bh5 Kg8 26. Rg6 1-0

[Event "Challenge"]
[Site "http://www.queenalice.com/game.php?id=1834060"]
[Date "2024.3.23"]
[Round "-"]
[White "bonow"]
[Black "JORAM2205"]
[Result "0-1"]
[WhiteElo "2232"]
[BlackElo "2319"]

1. e4 c5 2. Nf3 Nc6 3. d4 cxd4 4. Nxd4 Nf6 5. Nc3 d6 6. f3 e5 7. Nb3 Be6 8. Nd5
Be7 9. Be3 Bxd5 10. exd5 Nb4 11. c4 Na6 12. Bd3 O-O 13. Qd2 Qd7 14. O-O Qa4 15.
f4 exf4 16. Bxf4 Nb4 17. Nd4 Nxd3 18. Qxd3 Rfe8 19. Nf5 Qd7 20. Rae1 Bf8 21. Qc2
Qc7 22. Qd3 Qd7 23. Re3 g6 24. Nd4 Rac8 25. Bg5 Rxe3 26. Qxe3 Re8 27. Qf3 Ne4
28. Bh4 Nd2 29. Qf4 Nxf1 30. Kxf1 Qa4 31. Qc1 Bg7 32. Bf2 Qxa2 33. b3 Bxd4 34.
Bxd4 Qxb3 35. Bxa7 b6 36. h3 Ra8 37. Bxb6 Qxb6 38. Qc2 Qd4 0-1

[Event "Challenge"]
[Site "http://www.queenalice.com/game.php?id=1835097"]
[Date "2024.4.13"]
[Round "-"]
[White "JORAM2205"]
[Black "Maciej1980"]
[Result "0-1"]
[WhiteElo "2334"]
[BlackElo "2243"]

1. e4 e5 2. Nf3 Nc6 3. Nc3 Nf6 4. Bb5 a6 5. Bxc6 dxc6 6. Nxe5 Nxe4 7. Nxe4 Qd4
8. O-O Qxe5 9. d4 Qd5 10. Re1 Be6 11. Ng5 Be7 12. Nxe6 fxe6 13. g4 O-O-O 14. Kf1
Qxd4 15. Qf3 Rhf8 16. Qe2 e5 17. f3 Qxg4 18. Qf2 Rxf3 19. Re2 Rxf2+ 0-1

[Event "Challenge"]
[Site "http://www.queenalice.com/game.php?id=1835705"]
[Date "2024.4.24"]
[Round "-"]
[White "patkar"]
[Black "JORAM2205"]
[Result "1-0"]
[WhiteElo "2268"]
[BlackElo "2337"]

1. e4 e6 2. d4 d5 3. Nc3 Bb4 4. e5 c5 5. a3 Bxc3+ 6. bxc3 Ne7 7. Qg4 Qc7 8. Qxg7
Rg8 9. Qxh7 cxd4 10. Ne2 Nbc6 11. f4 Bd7 12. Qd3 dxc3 13. Nxc3 O-O-O 14. Nb5
Nxe5 15. Nxc7 Nxd3+ 16. Bxd3 Kxc7 17. O-O Bc6 18. Bb2 d4 19. Rf2 Kb6 20. Rb1 Kc7
21. Re1 Rd5 22. Re5 Kd6 23. Rxd5+ Kxd5 24. Rd2 f6 25. c3 Ng6 26. c4+ Kc5 27.
Bxg6 Rxg6 28. Bxd4+ Kxc4 29. Bxa7 Kb3 30. Bc5 Kc4 31. Bd6 Kc3 32. Bb4+ Kc4 33.
g3 e5 34. Bd6 Kc3 35. Re2 e4 36. Kf2 f5 37. Bb4+ Kb3 38. Ke3 Rg7 39. Kd4 Rd7+
40. Ke5 Rd5+ 41. Ke6 Kc4 42. Rc2+ Kd3 43. Rd2+ Kc4 44. Rxd5 Bxd5+ 45. Kxf5 e3
46. g4 e2 47. g5 Kd3 48. g6 b6 49. h4 Kc2 50. h5 Bc6 51. h6 Kd1 52. h7 e1=B 53.
Bxe1 Bd7+ 54. Kf6 Bb5 55. Bb4 1-0

[Event "Challenge"]
[Site "http://www.queenalice.com/game.php?id=1835709"]
[Date "2024.4.25"]
[Round "-"]
[White "JORAM2205"]
[Black "Alexandrovinsk"]
[Result "1-0"]
[WhiteElo "2328"]
[BlackElo "2216"]

1. d4 d5 2. c4 e6 3. Nc3 Nf6 4. Bg5 Be7 5. e3 Nbd7 6. Nf3 O-O 7. Qc2 dxc4 8.
Bxc4 c5 9. Rd1 Qa5 10. O-O cxd4 11. Rxd4 h6 12. Bh4 Nb6 13. Bb3 Bd7 14. Qd2 Qh5
15. Bxf6 Bxf6 16. Rxd7 Nxd7 17. Qxd7 b6 18. Rc1 a5 19. Na4 b5 20. Rc5 Qg6 21.
Bc2 Qg4 22. h3 Qb4 23. a3 Rad8 24. Qc6 1-0

[Event "Challenge"]
[Site "http://www.queenalice.com/game.php?id=1837874"]
[Date "2024.6.2"]
[Round "-"]
[White "JORAM2205"]
[Black "adsymil"]
[Result "0-1"]
[WhiteElo "2323"]
[BlackElo "2286"]

1. d4 d5 2. c4 c6 3. Nf3 Nf6 4. Nc3 e6 5. e3 Bd6 6. Bd3 Nbd7 7. O-O O-O 8. e4
dxe4 9. Nxe4 Nxe4 10. Bxe4 Qc7 11. c5 Be7 12. Bd2 Nf6 13. Bd3 Rd8 14. Qc2 a5 15.
Bg5 h6 16. Bh4 b6 17. Bg3 Qb7 18. cxb6 Qxb6 19. Rac1 Bb7 20. Bf4 Rac8 21. Be3
Qc7 22. Ne5 c5 23. Qb3 Bd6 24. Rfd1 Qb8 25. f4 Nd5 26. Bd2 cxd4 27. Bxa5 Rxc1
28. Rxc1 Nxf4 29. Nc6 Bxc6 30. Bxd8 Bb7 31. Bf1 d3 32. Bh4 Qa7+ 33. Kh1 Qe3 34.
Qd1 Qh3 35. Rc8+ Kh7 36. Bg3 Bxg2+ 37. Kg1 Bxf1 38. Kf2 Qg2+ 39. Ke1 Bb4+ 40.
Rc3 Be2 41. Kd2 Bxd1+ 0-1

[Event "Challenge"]
[Site "http://www.queenalice.com/game.php?id=1838439"]
[Date "2024.6.11"]
[Round "-"]
[White "adsymil"]
[Black "JORAM2205"]
[Result "1-0"]
[WhiteElo "2302"]
[BlackElo "2310"]

1. d4 d5 2. Nf3 Nf6 3. e3 e6 4. c4 Nc6 5. Nc3 Be7 6. a3 Ne4 7. Nxe4 dxe4 8. Nd2
f5 9. b4 O-O 10. Bb2 Bd6 11. b5 Nb8 12. c5 Be7 13. Bc4 a6 14. a4 axb5 15. axb5
Rxa1 16. Qxa1 c6 17. b6 Kh8 18. O-O Bf6 19. Rd1 Nd7 20. Be2 Be7 21. Nc4 Nf6 22.
Bc3 Nd5 23. Bd2 f4 24. exf4 Nxf4 25. Bf1 Kg8 26. Qb1 Qd5 27. Be3 Qh5 28. Re1 Qf5
29. Qc2 Nd5 30. g3 Nb4 31. Qd2 Nd3 32. Ra1 e5 33. Nxe5 Nxe5 34. dxe5 Qxe5 35.
Ra4 Rd8 36. Qc2 Bf5 37. Ra7 Rd7 38. Bf4 Qd4 39. Qa2+ Kf8 40. Be3 Qe5 41. Ra8+
Bd8 42. Bf4 Qd4 43. Bd6+ Rxd6 44. cxd6 Qxd6 45. Qa5 Bg6 46. Qg5 Ke8 47. Be2 Qd4
48. Qf4 Bf7 49. Rb8 Bd5 50. Bh5+ g6 51. Bg4 Qa1+ 52. Kg2 Qg7 53. Qd6 e3+ 54. Bf3
Bxf3+ 55. Kxf3 Qd7 56. Qxd7+ Kxd7 57. Rxb7+ Kc8 58. Rxh7 exf2 59. Kxf2 Bxb6+ 60.
Ke2 g5 61. g4 Bc7 62. h3 c5 63. Kd3 Be5 64. Rf7 Bd6 65. Kc4 Kd8 66. Kd5 Ke8 67.
Rb7 Bf4 68. Kxc5 Kf8 69. Kd5 Kg8 70. Ke6 Be3 71. Kf6 Bf4 72. Rg7+ Kf8 73. Rxg5
1-0

[Event "Challenge"]
[Site "http://www.queenalice.com/game.php?id=1839681"]
[Date "2024.7.4"]
[Round "-"]
[White "JORAM2205"]
[Black "Tinelloski"]
[Result "1-0"]
[WhiteElo "2309"]
[BlackElo "2302"]

1. d4 Nf6 2. Nf3 g6 3. c4 Bg7 4. Nc3 O-O 5. e4 d6 6. Be2 e5 7. O-O exd4 8. Nxd4
Re8 9. f3 Nc6 10. Be3 Nh5 11. Nxc6 bxc6 12. g4 Be5 13. gxh5 Bxh2+ 14. Kh1 Qh4
15. Bg5 Qh3 16. Rf2 Bg3+ 17. Kg1 Bxf2+ 18. Kxf2 Qh2+ 19. Ke3 Qxh5 20. Qg1 f5 21.
Qg3 fxe4 22. fxe4 Qh3 23. Qxh3 Bxh3 24. Rh1 Bf5 25. Rf1 Kg7 26. Kd3 Be6 27. Bf6+
Kg8 28. Bf3 Rab8 29. b3 Rf8 30. e5 Bd7 31. Be7 Bf5+ 32. Kd2 Rf7 33. exd6 Bh3 34.
Rf2 cxd6 35. Bxd6 Rd8 36. c5 Bg4 37. Ke3 Bxf3 38. Rxf3 Re8+ 39. Ne4 Rxf3+ 40.
Kxf3 Kf7 41. Bf4 Ke6 42. Ng5+ Kf5 43. Nxh7 Re1 44. Be3 Ra1 45. a4 Rb1 46. Ng5
Rxb3 47. Ne4 Ra3 48. Nd6+ Ke6 49. a5 Rxa5 50. Ke4 Ra4+ 51. Kf3 Kd5 52. Nc8 Ke6
53. Nd6 a5 54. Ne4 Rc4 55. Nd6 Rc3 56. Ke4 a4 57. Bd4 Rc1 58. Be3 Re1 59. Nc4 a3
60. Nxa3 Rxe3+ 61. Kxe3 Kd5 62. Kf4 Kxc5 63. Kg5 Kb4 64. Nc2+ Kc3 65. Ne1 c5 66.
Kxg6 c4 67. Kf5 Kd2 68. Nf3+ Kd1 69. Ke4 c3 70. Nd4 c2 71. Nxc2 1-0

[Event "Challenge"]
[Site "http://www.queenalice.com/game.php?id=1841205"]
[Date "2024.8.1"]
[Round "-"]
[White "tariann"]
[Black "JORAM2205"]
[Result "0-1"]
[WhiteElo "2257"]
[BlackElo "2298"]

1. e4 c5 2. Nf3 d6 3. d4 cxd4 4. Nxd4 Nf6 5. Nc3 a6 6. Be2 e6 7. O-O Be7 8. Be3
O-O 9. Qd2 Nbd7 10. Rfd1 Ne5 11. h3 Qc7 12. f4 Nc4 13. Bxc4 Qxc4 14. Qd3 Qxd3
15. Rxd3 Bd7 16. Rad1 Rac8 17. f5 b5 18. a3 Kh8 19. Bg5 h6 20. Bh4 Rc4 21. Nb3
exf5 22. Bxf6 Bxf6 23. Na5 Rcc8 24. Rxd6 Be6 25. exf5 Bxf5 26. R1d2 Bxc3 27.
bxc3 Rxc3 28. Rxa6 Rxa3 29. Ra7 Be4 30. Re2 f5 31. Kf2 b4 32. Rd2 Rc8 0-1

[Event "Challenge"]
[Site "http://www.queenalice.com/game.php?id=1842558"]
[Date "2024.8.27"]
[Round "-"]
[White "JORAM2205"]
[Black "arvo1938"]
[Result "1/2-1/2"]
[WhiteElo "2321"]
[BlackElo "2199"]

1. e4 c5 2. Nf3 d6 3. d4 cxd4 4. Nxd4 e5 5. Bb5+ Bd7 6. Bxd7+ Nxd7 7. Nf5 Qb6 8.
Nc3 g6 9. Ne3 Qa6 10. Ned5 Rc8 11. Qf3 Ne7 12. Nf6+ Nxf6 13. Qxf6 Rg8 14. Bg5 h6
15. Bh4 g5 16. Bg3 Rg6 17. Qf3 g4 18. Qe3 h5 19. Rf1 Bh6 20. f4 exf4 21. Bxf4
Bg7 22. Qd3 Qxd3 23. cxd3 Bxc3+ 24. bxc3 Rxc3 25. Kd2 Rc5 26. Rab1 b6 27. Be3
Ra5 28. Rb2 f5 29. Bd4 fxe4 30. dxe4 Re6 31. Rf4 Ra4 32. Kd3 Ra3+ 33. Kc4 Nc6
34. Bc3 Ne5+ 35. Bxe5 dxe5 36. Rf5 Ra4+ 37. Kd3 h4 38. Rg5 g3 39. hxg3 hxg3 40.
Rc2 Ra3+ 41. Ke2 Rf6 42. Rxe5+ Kf7 43. Ke1 Re6 44. Rf5+ Kg6 45. Rf4 Re3+ 46. Re2
Rxe2+ 47. Kxe2 Re5 48. Rg4+ Kf7 49. Rxg3 Rxe4+ 50. Kd3 Ra4 51. Rf3+ Kg6 52. Rf2
a5 53. Ke3 Rc4 54. Rb2 Kf7 55. Rxb6 Rc2 56. a4 Rxg2 57. Rb5 Ke6 58. Rxa5 Rg3+
59. Kd4 Rg4+ 60. Kc3 Kd6 61. Ra7 Kc6 62. Kb3 Kb6 63. Ra8 Kb7 64. Re8 Rg6 65. Re4
Ra6 66. Re7+ Ka8 67. Ka3 Rb6 68. a5 Rb8 69. Ka4 Rb7 70. Re2 Ka7 71. Re8 Rb1 72.
Re7+ Rb7 73. Re2 Rb1 74. Re6 Rb7 75. Rg6 Rb1 76. Rf6 Rb7 77. Rf2 Ka6 1/2-1/2

[Event "Challenge"]
[Site "http://www.queenalice.com/game.php?id=1842990"]
[Date "2024.9.3"]
[Round "-"]
[White "antoniotupan"]
[Black "JORAM2205"]
[Result "1-0"]
[WhiteElo "2150"]
[BlackElo "2324"]

1. d4 Nf6 2. c4 g6 3. Nc3 Bg7 4. e4 d6 5. Nf3 O-O 6. Be2 e5 7. O-O Nc6 8. d5 Ne7
9. b4 Nh5 10. Re1 Nf4 11. Bf1 a5 12. bxa5 Rxa5 13. a4 Bg4 14. h3 Bd7 15. Bd2 Ra7
16. a5 Re8 17. Be3 Ra8 18. Qb3 Bc8 19. c5 dxc5 20. Bxc5 Bf6 21. Red1 Kg7 22. Nb5
Bd7 23. d6 cxd6 24. Nxd6 Rf8 25. Nxb7 Qc8 26. Rac1 Qe8 27. Nd6 Qb8 28. Qa3 Ne6
29. Nxf7 Nxc5 30. Rxc5 Bxh3 31. N7xe5 Be6 32. Nd7 Bb2 33. Qe3 Bxd7 34. Rxd7 Ra7
35. Rcd5 Rc7 36. Ng5 Rxd7 37. Rxd7 Re8 38. Qh3 h5 39. Ne6+ Kh8 40. Nc7 Rc8 41.
Rxe7 Rxc7 42. Qg3 Rb7 43. Qxb8+ Rxb8 44. a6 Bd4 45. Rd7 Bc5 46. e5 Rf8 47. e6
Rxf2 48. Kh2 Rxf1 49. e7 Bg1+ 50. Kh3 Re1 51. Rd8+ Kg7 52. e8=Q Rxe8 53. Rxe8
Kf6 54. Rb8 g5 55. Rb1 Bf2 56. Rf1 g4+ 57. Kh2 g3+ 58. Kh3 Ke5 59. Ra1 Ba7 60.
Kxg3 Kd6 61. Kh4 Ke5 62. Kxh5 1-0

[Event "Challenge"]
[Site "http://www.queenalice.com/game.php?id=1845094"]
[Date "2024.10.10"]
[Round "-"]
[White "JORAM2205"]
[Black "FLeicher"]
[Result "1-0"]
[WhiteElo "2317"]
[BlackElo "2134"]

1. d4 d5 2. c4 e6 3. Nf3 Nf6 4. Nc3 Nbd7 5. cxd5 exd5 6. Bg5 c6 7. e3 Be7 8. Bd3
O-O 9. Qc2 Re8 10. O-O Nf8 11. Ne5 Be6 12. Qb3 Rb8 13. f4 Ne4 14. Nxe4 dxe4 15.
Bc4 Bxc4 16. Qxc4 Qd5 17. Qxd5 cxd5 18. Bxe7 Rxe7 19. Rac1 h5 20. f5 Nh7 21. Rc5
f6 22. Ng6 Rd7 23. Nf4 Rbd8 24. Nxh5 b6 25. Rc2 Kf7 26. Rfc1 Nf8 27. Rc7 g6 28.
fxg6+ Nxg6 29. Rxd7+ Rxd7 30. Rc6 1-0

[Event "Challenge"]
[Site "http://www.queenalice.com/game.php?id=1845915"]
[Date "2024.10.22"]
[Round "-"]
[White "JORAM2205"]
[Black "tucuman10"]
[Result "0-1"]
[WhiteElo "2307"]
[BlackElo "2270"]

1. e4 c5 2. Nf3 Nc6 3. d4 cxd4 4. Nxd4 e5 5. Nb5 d6 6. c4 Be7 7. N1c3 a6 8. Na3
Nf6 9. Be2 Nd4 10. Be3 Nxe2 11. Qxe2 Bd7 12. Rc1 Be6 13. Nd5 Bxd5 14. exd5 Qa5+
15. Bd2 Qa4 16. f4 Nd7 17. O-O O-O 18. Rc3 f5 19. Rb3 Nc5 20. Rb4 Qd7 21. fxe5
dxe5 22. g3 f4 23. gxf4 Rae8 24. fxe5 Rxf1+ 25. Kxf1 Rf8+ 26. Kg2 Qf5 27. d6 Bh4
28. e6 Qg6+ 29. Kh3 Ne4 30. e7 Rf2 31. e8=Q+ Qxe8 32. Qg4 h5 33. Qg1 Qe6+ 34.
Kxh4 Rxh2+ 35. Qxh2 Qg4# 0-1

[Event "Challenge"]
[Site "http://www.queenalice.com/game.php?id=1846005"]
[Date "2024.10.23"]
[Round "-"]
[White "Biagio"]
[Black "JORAM2205"]
[Result "1/2-1/2"]
[WhiteElo "2237"]
[BlackElo "2294"]

1. d4 Nf6 2. c4 g6 3. Nc3 d5 4. cxd5 Nxd5 5. e4 Nxc3 6. bxc3 Bg7 7. Bc4 O-O 8.
Ne2 Nc6 9. O-O b6 10. Bg5 Bb7 11. Qd2 Qd6 12. Rad1 e5 13. Bd5 Na5 14. Bxb7 Nxb7
15. Bh6 Rad8 16. Bxg7 Kxg7 17. f4 exd4 18. cxd4 Qe7 19. e5 f6 20. Qc3 Kh8 21.
Rfe1 a6 22. exf6 Rxf6 23. Ng3 1/2-1/2

[Event "Challenge"]
[Site "http://www.queenalice.com/game.php?id=1847282"]
[Date "2024.11.17"]
[Round "-"]
[White "mario48"]
[Black "JORAM2205"]
[Result "1-0"]
[WhiteElo "2221"]
[BlackElo "2300"]

1. e4 c5 2. Nf3 e6 3. Nc3 Nc6 4. d4 cxd4 5. Nxd4 Qc7 6. Nxc6 bxc6 7. Bd3 Nf6 8.
Be3 Bd6 9. h3 O-O 10. Qd2 Rb8 11. Rb1 Nh5 12. Ne2 c5 13. O-O Bb7 14. c4 Bc6 15.
f4 Be7 16. g4 Nf6 17. e5 Ne4 18. Qc2 Qb7 19. Nc3 Ng3 20. Rfd1 h5 21. gxh5 Bf3
22. Kh2 Bxd1 23. Qxd1 Nf5 24. Bxf5 exf5 25. Nd5 d6 26. Qd3 dxe5 27. Qxf5 exf4
28. Bxf4 Rbe8 29. b3 Qa6 30. Rg1 Qe6 31. Nxe7+ Rxe7 32. Qxc5 Qf6 33. Be3 Re5 34.
Qd4 Rd8 35. Qc3 Kh8 36. h6 gxh6 37. Rg4 Rd1 38. Rg2 Re6 39. Qxf6+ Rxf6 40. Bxa7
Rf3 41. Rc2 Rdd3 42. Bf2 Rxh3+ 43. Kg2 Kh7 44. b4 Rh5 45. b5 f5 46. c5 Rg5+ 47.
Kf1 Rd1+ 48. Ke2 Rd8 49. b6 Rg6 50. c6 f4 51. c7 f3+ 52. Kxf3 Rf6+ 53. Ke2 Re8+
54. Kf1 Rxb6 55. Bxb6 1-0

[Event "Challenge"]
[Site "http://www.queenalice.com/game.php?id=1847640"]
[Date "2024.11.23"]
[Round "-"]
[White "JORAM2205"]
[Black "NimbleKnight"]
[Result "1-0"]
[WhiteElo "2292"]
[BlackElo "2153"]

1. e4 e6 2. d4 d5 3. Nc3 Bb4 4. e5 c5 5. a3 Bxc3+ 6. bxc3 Ne7 7. Nf3 Nbc6 8. Bd3
Qa5 9. Bd2 c4 10. Be2 Bd7 11. Rb1 O-O-O 12. Qc1 f5 13. O-O h6 14. Qb2 b6 15.
Rfd1 g5 16. a4 Kc7 17. Qa3 Be8 18. Rb5 Qa6 19. Rdb1 Na5 20. Qxe7+ Bd7 21. Qd6+
Kb7 22. Nxg5 hxg5 23. Bxg5 Kc8 24. Rc5+ Nc6 25. Rxc6+ Bxc6 26. Qxc6+ Kb8 27.
Bxd8 Rxd8 28. Qxe6 Qxa4 29. Qxf5 Qd7 30. e6 Qe7 31. Bf3 Rf8 32. Qe5+ Qc7 33. e7
Re8 34. Qxd5 Kc8 35. Re1 Rxe7 36. Bg4+ Kb8 37. Qg8+ Kb7 38. Rxe7 Qxe7 39. Qc8#
1-0

[Event "Challenge"]
[Site "http://www.queenalice.com/game.php?id=1849114"]
[Date "2024.12.21"]
[Round "-"]
[White "JJerzy"]
[Black "JORAM2205"]
[Result "0-1"]
[WhiteElo "2209"]
[BlackElo "2271"]

1. d4 d5 2. Nf3 Nf6 3. e3 g6 4. c4 Bg7 5. Nc3 O-O 6. c5 Nc6 7. Bb5 Ne4 8. Nxe4
dxe4 9. Bxc6 bxc6 10. Nd2 e5 11. dxe5 Qd3 12. Qe2 Bxe5 13. Qxd3 exd3 14. Nf3 Bf6
15. O-O Re8 16. Rb1 Be6 17. b3 Be7 18. Ba3 Bf5 19. Nd4 Be4 20. f3 Bg5 21. Kf2
Bd5 22. Bc1 Bh4+ 23. g3 Bf6 24. Bb2 a5 25. Rfd1 a4 26. Rxd3 axb3 27. axb3 Ra2
28. Kg1 Bxf3 29. Nxf3 Bxb2 30. b4 f5 31. Nd2 Rb8 32. Nc4 Bf6 33. Rdb3 Rd8 34. b5
Rc2 35. b6 cxb6 36. cxb6 Rxc4 37. b7 Rb8 38. Rb6 Kf7 39. Ra6 Rc2 40. Rbb6 Ke7
41. Rxc6 Rxc6 42. Rxc6 Rxb7 43. Rc2 Be5 44. Kf2 Rb3 45. Re2 Ke6 46. h3 h5 47. h4
Rb2 48. Rxb2 Bxb2 49. Kf3 Ke5 0-1

[Event "Challenge"]
[Site "http://www.queenalice.com/game.php?id=1849154"]
[Date "2024.12.22"]
[Round "-"]
[White "JORAM2205"]
[Black "JJerzy"]
[Result "0-1"]
[WhiteElo "2286"]
[BlackElo "2194"]

1. e4 c5 2. Nf3 d6 3. Nc3 a6 4. d4 cxd4 5. Qxd4 Nc6 6. Qd3 e6 7. Nd4 Nge7 8.
Nxc6 Nxc6 9. Be3 Be7 10. O-O-O O-O 11. Rg1 b5 12. Kb1 Bb7 13. f4 b4 14. Ne2 a5
15. Qb5 Qc8 16. Qd3 a4 17. c3 Ba6 18. c4 Na5 19. b3 axb3 20. axb3 Nxc4 21. bxc4
Bxc4 22. Qd2 Qa6 23. Bd4 Ba2+ 24. Kb2 Qa3+ 25. Kc2 Qb3+ 26. Kc1 Qb1# 0-1

[Event "Challenge"]
[Site "http://www.queenalice.com/game.php?id=1851054"]
[Date "2025.1.25"]
[Round "-"]
[White "Bordon"]
[Black "JORAM2205"]
[Result "1-0"]
[WhiteElo "2129"]
[BlackElo "2281"]

1. e4 c5 2. Nc3 Nc6 3. f4 g6 4. Nf3 Bg7 5. Bb5 Nd4 6. O-O Nxb5 7. Nxb5 d6 8. d3
Nh6 9. h3 O-O 10. Qe1 Bd7 11. Nc3 e6 12. Be3 Kh8 13. Qd2 Qc7 14. f5 Ng8 15. fxg6
fxg6 16. Ng5 Nf6 17. Rf2 h6 18. Nf3 g5 19. Raf1 Nh5 20. Nxg5 hxg5 21. Bxg5 Rxf2
22. Rxf2 Bd4 23. Be3 Be5 24. d4 cxd4 25. Bxd4 Bxd4 26. Qxd4+ e5 27. Qd1 Be8 28.
Rf8+ Kg7 29. Rf2 Bg6 30. Nd5 Qc4 31. Qg4 Qxe4 32. Qd7+ Kh6 33. Qxd6 Re8 34. Ne7
Nf4 35. Nxg6 Qxg6 36. Qd2 Qa6 37. g3 Rg8 38. Kh2 Rd8 39. Qxd8 1-0

[Event "Challenge"]
[Site "http://www.queenalice.com/game.php?id=1851494"]
[Date "2025.2.3"]
[Round "-"]
[White "JORAM2205"]
[Black "jagiellonczyk"]
[Result "1-0"]
[WhiteElo "2272"]
[BlackElo "2129"]

1. e4 e5 2. Nf3 Nc6 3. Bb5 Nf6 4. O-O d6 5. d4 exd4 6. Nxd4 Bd7 7. Nc3 Be7 8.
Bxc6 Bxc6 9. Nxc6 bxc6 10. Bf4 O-O 11. e5 dxe5 12. Bxe5 Bd6 13. Qd4 Bxe5 14.
Qxe5 Rb8 15. Rad1 Qc8 16. b3 Re8 17. Qc5 Rb6 18. Rfe1 Nd7 19. Rxe8+ Qxe8 20. Qa5
Rb7 21. Qa6 Nc5 22. Qxc6 Qe7 23. Nd5 Qd6 24. Qe8+ Qf8 25. Ne7+ Kh8 26. Qxf8# 1-0